000 00471nam a2200121Ia 4500
008 160712s9999 xx 000 0 und d
100 _aMarquez, Leander P.
245 _cLeander P. Marquez
_aBelief as an Evaluative and Affective Attitude: Some Implications on Religious Belief
260 _c2014
_bSocial Science Diliman
300 _avol. 10 no. 1
650 _xSOCIAL SCIENCE
856 _uhttp://journals.upd.edu.ph/index.php/socialsciencediliman/issue/view/431/showToc
999 _c297232
_d297232